ბათუმის შოთა რუსთაველის სახელმწიფო უნივერსიტეტის ბიბლიოთეკა

ვისწავლოთ სწორი მეტყველება (ბიბ.ჩანაწერი № 51214)

000 -LEADER
fixed length control field 00649nam a2200217Ia 4500
001 - CONTROL NUMBER
control field 18174
003 - CONTROL NUMBER IDENTIFIER
control field GE_BSU
008 - FIXED-LENGTH DATA ELEMENTS--GENERAL INFORMATION
fixed length control field 181216s||||||||xx |||||||||||||| ||und||
040 ## - CATALOGING SOURCE
Transcribing agency GE_BSU
080 ## - UNIVERSAL DECIMAL CLASSIFICATION NUMBER
Universal Decimal Classification number 811.353.1-1
100 ## - MAIN ENTRY--PERSONAL NAME
Personal name მესხია,ნონულა
245 ## - TITLE STATEMENT
Title ვისწავლოთ სწორი მეტყველება
245 ## - TITLE STATEMENT
Statement of responsibility, etc. რედ. ტ.ქორთუა
260 ## - PUBLICATION, DISTRIBUTION, ETC.
Place of publication, distribution, etc. თბილისი
260 ## - PUBLICATION, DISTRIBUTION, ETC.
Name of publisher, distributor, etc. ცოტნე
260 ## - PUBLICATION, DISTRIBUTION, ETC.
Date of publication, distribution, etc. 2003
300 ## - PHYSICAL DESCRIPTION
Extent 43გვ.20სმ.
653 ## - INDEX TERM--UNCONTROLLED
Uncontrolled term ვისწავლოთ სწორი მეტყველება
942 ## - ADDED ENTRY ELEMENTS (KOHA)
Koha item type წიგნი
ეგზემპლარები
Withdrawn status Lost status Damaged status Not for loan Date acquired Barcode Date last seen Price effective from Koha item type
        2018-12-17 46341 2018-12-17 2018-12-17 წიგნი